000 01665cam a2200193 4500500
005 20251228070026.0
041 _afre
042 _adc
100 1 0 _aBrassart, Josette
_eauthor
700 1 0 _aNiewiadomski, Christophe
_eauthor
700 1 0 _aAutès, Michel
_eauthor
245 0 0 _aFunestes destins collectifs ? La « grande claque » des années 80 dans le Nord-Pas-de-Calais
260 _c2015.
500 _a75
520 _aLes auteurs interrogent les effets à long terme de la colonisation puis de la décolonisation en Algérie à partir des impacts objectifs et subjectifs, à la fois sur les colonisés et sur les populations venues s’implanter dans les territoires conquis pour servir le dessein colonisateur. Les différents statuts politiques coloniaux dessinent la réalité subjective et sociale d’« apatrié » propre à ces exilés : pieds-noirs et harkis à la fin de la guerre d’Indépendance, puis migrants algériens depuis.
520 _aThe authors question the long-term effects of colonization and decolonization in Algeria, from the objective and subjective impacts on both the colonized and the populations who came to settle on the territories conquered to serve the colonizing purpose. The various colonial political statutes draw the subjective and social reality of “statelessness” peculiar to these exiles: “pieds-noirs” and Harkis at the end of the War of Independence, then Algerian migrants since.
786 0 _nLe sujet dans la cité | Actuels 4 | 1 | 2015-05-01 | p. 151-163 | 2112-7689
856 4 1 _uhttps://shs.cairn.info/revue-le-sujet-dans-la-cite-2015-1-page-151?lang=fr&redirect-ssocas=7080
999 _c1592302
_d1592302